Statistiques concernant Les animaux les plus mignons

Cliquez ici pour prendre le quiz!

Statistiques générales

  • Ce quiz a été pris 150 fois
  • Le résultat moyen est 11 sur 45

Statistiques - réponses

Réponse% Correct
9Lapin
69%
12Chaton
68%
13Chiot
63%
16Panda
62%
36Hamster
57%
44Souris
52%
4Dauphin
44%
8Dauphin
44%
17Koala
41%
11Lionceau
39%
19Lionceau
39%
41Poussin
38%
28Renard
34%
22Poulain
31%
39Agneau
30%
7Loutre
30%
42Singe
30%
37Veau
30%
15Panda roux
29%
14Ecureuil
26%
32Tortue
24%
3Biche
22%
23Eléphanteau
20%
21Louveteau
20%
18Hérisson
16%
10Hérisson
16%
45Pingouin
16%
24Girafon
15%
26Zébre
15%
34Coccinelle
13%
5Cerf
12%
35Chinchilla
12%
2Chouette
11%
38Panthère
10%
27Quokka
10%
31Suricate
9%
20Tigreau
8%
6Perruche
6%
43Alpaga
4%
33Poisson clown
3%
40Blanchon
2%
25Léopardeau
2%
1Toi
2%
29Ourson brun
0%
30Ourson polaire
0%

Distribution des résultats

Percentile par nombre de réponses

% des personnes avec chaque résultat

Votre développement - résultats

Vous n’avez pas pris ce quiz